|
|
|
|
| LEADER |
01090nam a2200325 4500 |
| 001 |
DLU210195556 |
| 005 |
##20210107 |
| 040 |
# |
# |
|a DLU
|b vie
|
| 041 |
# |
# |
|a vie
|
| 044 |
# |
# |
|a vn
|
| 100 |
# |
# |
|a Nguyễn Thanh Vũ.
|
| 245 |
# |
# |
|a Nghiên cứu chế tạo chế phẩm Oligochitosan - bạc Nano ứng dụng làm phân bón kháng bệnh héo vàng do nấm Fusarium Oxysporum gây ra trên cà chua /
|c Nguyễn Thanh Vũ, ...[và những người khác].
|
| 653 |
# |
# |
|a Bệnh héo vàng
|
| 653 |
# |
# |
|a Cà chua
|
| 653 |
# |
# |
|a Chiếu xạ tia gamma
|
| 653 |
# |
# |
|a Nấm Fusarium oxysporum
|
| 653 |
# |
# |
|a Oligochitosan - bạc
|
| 700 |
# |
# |
|a Dương Hoa Xô
|
| 700 |
# |
# |
|a Huỳnh Quyền
|
| 700 |
# |
# |
|a Lê Quang Luân.
|
| 773 |
# |
# |
|t Tạp chí Công nghệ Sinh học
|g Số 15(1), 2017, tr. 141-149
|
| 920 |
# |
# |
|a Phòng Tạp chí -- Trung tâm Thông tin - Thư viện Trường Đại học Đà Lạt
|
| 994 |
# |
# |
|a DLU
|
| 900 |
# |
# |
|a True
|
| 911 |
# |
# |
|a Hoàng Thị Huyền
|
| 925 |
# |
# |
|a G
|
| 926 |
# |
# |
|a A
|
| 927 |
# |
# |
|a BB
|
| 980 |
# |
# |
|a Thư viện Trường Đại học Đà Lạt
|